Medical Surgical Nursing I and II (Record no. 158166)
[ view plain ]
| 000 -LEADER | |
|---|---|
| fixed length control field | 00402nam a2200145Ia 4500 |
| 008 - FIXED-LENGTH DATA ELEMENTS--GENERAL INFORMATION | |
| fixed length control field | 230411s9999 xx 000 0 und d |
| 020 ## - INTERNATIONAL STANDARD BOOK NUMBER | |
| International Standard Book Number | 978-93-85891-25-0 |
| 041 ## - LANGUAGE CODE | |
| Language code of text/sound track or separate title | eng |
| 082 ## - DEWEY DECIMAL CLASSIFICATION NUMBER | |
| Classification number | MS/610.7361/B08441 |
| 100 ## - MAIN ENTRY--PERSONAL NAME | |
| Personal name | Sethi Deepak & Rani Kirti |
| 9 (RLIN) | 179922 |
| 245 ## - TITLE STATEMENT | |
| Title | Medical Surgical Nursing I and II |
| 260 ## - PUBLICATION, DISTRIBUTION, ETC. (IMPRINT) | |
| Name of publisher, distributor, etc. | Jaypee Brothers |
| Place of publication, distribution, etc. | New Delhi |
| Date of publication, distribution, etc. | 2016 |
| 300 ## - PHYSICAL DESCRIPTION | |
| Extent | 952p |
| Withdrawn status | Lost status | Damaged status | Not for loan | Collection code | Home library | Current library | Date acquired | Vendor | Cost, normal purchase price | Bill number | Full call number | Barcode | Date last seen | Cost, replacement price | Bill Date | Koha item type | Original Barcode | Total Checkouts | Total Renewals | Date last checked out |
|---|---|---|---|---|---|---|---|---|---|---|---|---|---|---|---|---|---|---|---|---|
| Reference | MS | Smt. Bakul Tambat Institute of Nursing Education | Smt. Bakul Tambat Institute of Nursing Education | 30/03/2017 | Samutkarsh | 795.00 | 1431 | MS 610.7361 B08441 | BTIN-BK-8441 | 11/04/2023 | 580.35 | 30/03/2017 | Books | B08441 | ||||||
| MS | Smt. Bakul Tambat Institute of Nursing Education | Smt. Bakul Tambat Institute of Nursing Education | 30/03/2017 | Samutkarsh | 795.00 | 1431 | MS 610.7361 B08442 | BTIN-BK-8442 | 25/02/2026 | 580.35 | 30/03/2017 | Books | B08442 | 24 | 8 | 23/02/2026 | ||||
| MS | Smt. Bakul Tambat Institute of Nursing Education | Smt. Bakul Tambat Institute of Nursing Education | 30/03/2017 | Samutkarsh | 795.00 | 1431 | MS 610.7361 B08445 | BTIN-BK-8445 | 05/07/2025 | 580.35 | 30/03/2017 | Books | B08445 | 30 | 15 | 27/06/2025 |